Složení lipidů sladkovodních ryb a jejich význam v lidské výživě : vědecká monografie /

Hlavní autor: Kalač, Pavel, 1943-
Další autoři: Špička, Jiří
Jazyk: Čeština
Vydáno: V Českých Budějovicích : Jihočeská univerzita, Zemědělská fakulta, 2006
Vydání: 1. vyd.
Témata:
Fyzický popis: 57 s. : il. ; 21 cm
Language note: Anglické resumé
Knihy
Uloženo v:
LEADER 01920nam a2200565 a 4500
001 nkc20061700653
003 CZ PrNK
005 20070227144525.0
007 ta
008 061206s2006 xr a f 000 0 cze
015 |a cnb001700653 
020 |a 80-7040-901-0  |q (brož.) 
035 |a (OCoLC)124089476 
040 |a ABA001  |b cze 
041 0 |a cze  |b eng 
072 7 |a 577  |x Biochemie. Molekulární biologie. Biofyzika  |2 Konspekt  |9 2 
080 |a 639.21  |2 MRF 
080 |a 591.1  |2 MRF 
080 |a 577.115  |2 MRF 
080 |a 577.115.3  |2 MRF 
080 |a 612.39  |2 MRF 
080 |a 613.2  |2 MRF 
080 |a (048.8)  |2 MRF 
100 1 |a Kalač, Pavel,  |d 1943-  |7 xx0007355  |4 aut 
245 1 0 |a Složení lipidů sladkovodních ryb a jejich význam v lidské výživě :  |b vědecká monografie /  |c Pavel Kalač, Jiří Špička 
250 |a 1. vyd. 
260 |a V Českých Budějovicích :  |b Jihočeská univerzita, Zemědělská fakulta,  |c 2006 
300 |a 57 s. :  |b il. ;  |c 21 cm 
500 |a 50 výt. 
500 |a Přehled latinských názvů sladkovodních ryb 
504 |a Obsahuje bibliografie 
546 |a Anglické resumé 
650 0 7 |a sladkovodní ryby  |7 ph116170  |2 czenas 
650 0 7 |a fyziologie živočichů  |7 ph114605  |2 czenas 
650 0 7 |a lipidy  |7 ph122358  |2 czenas 
650 0 7 |a mastné kyseliny  |7 ph122662  |2 czenas 
650 0 7 |a výživa člověka  |7 ph127487  |2 czenas 
650 0 9 |a freshwater fishes  |2 eczenas 
650 0 9 |a animal physiology  |2 eczenas 
650 0 9 |a lipids  |2 eczenas 
650 0 9 |a fatty acids  |2 eczenas 
650 0 9 |a human nutrition  |2 eczenas 
655 7 |a studie  |7 fd133597  |2 czenas 
655 9 |a studies  |2 eczenas 
700 1 |a Špička, Jiří  |7 mzk2004248683  |4 aut 
910 2 |a BOA001  |b 2-1180.298 
990 |a BK 
995 |a 01 
991 |b 200701  |c NOV 
996 6 |b 2610299295  |c 2-1180.298  |l MZK  |r Sklad / do 1 hodiny  |n 17  |p p.v.  |w 000838918  |u 000010  |a 1  |e BOA001  |j MZK50  |s P